000 00573nam a2200205Ia 4500
005 20250508150407.0
008 008 250505s9999 xx 000 0 eng d
037 _aTextual
040 _aFEDL
_beng
_cFEDL
041 _aeng
_2eng
084 _a153.15, THO
_qFEDL
100 _aThorndike Edward L.
_984915
245 0 _aHuman learning
260 _aNew York, USA
_bThe Century Co.
_c1931
300 _a206p.
490 _aThe century psychology
650 _aEducation - Psychology
_9755527
942 _cTEXL
_h153.15, THO
999 _c1323397
_d1323397